| 000 | 00916nam a22002417a 4500 | ||
|---|---|---|---|
| 999 |
_c65325 _d65325 |
||
| 005 | 20240530110819.0 | ||
| 008 | 190708s2018 ua g b 00| 0 ara d | ||
| 017 |
_a7724 _bمصر. دار الكتب |
||
| 020 | _a978977733153 | ||
| 040 |
_aEG-CaGPL _cEG-CaGPL |
||
| 082 |
_221 _a332.9 / _bع أ |
||
| 100 | 0 | _aعلى سيد اسماعيل | |
| 245 | 1 | 0 |
_aاحكام النقود المزيفة فى الاقتصاد الاسلامى والقانون / _cعلى سيد اسماعيل |
| 260 |
_aالاسكندرية : _bدار التعليم الجامعى، _c2018. |
||
| 300 |
_a245 ص. ؛ _c24 سم. |
||
| 504 | _aيشتمل على ارجاعات ببليوجرافية | ||
| 650 | 0 | 7 |
_2qrmak _aالنقود المزيفة |
| 650 | 0 | 7 |
_2qrmak _aتزيف النقود |
| 650 | 0 | 7 |
_2qrmak _aالاوراق المالية |
| 651 | _2qrmak | ||
| 942 |
_2ddc _cBK |
||